|
|
|
|
| LEADER |
00848nta a2200205 i 4500 |
| 001 |
dokt4870 |
| 005 |
20200313091506.0 |
| 008 |
200304s2002 hu om 0|| hun d |
| 040 |
|
|
|a SZTE Doktori Repozitórium
|b hun
|
| 041 |
|
|
|a hun
|
| 100 |
1 |
|
|a Matúz György
|
| 245 |
1 |
2 |
|a A telekkönyv intézménye Magyarországon 1855-1960
|h [elektronikus dokumentum] /
|c Matúz György
|
| 260 |
|
|
|c 2002
|
| 502 |
|
|
|a Disszertacio
|
| 650 |
|
4 |
|a állam- és jogtudományok
|
| 695 |
|
|
|a Jogtörténet
|
| 700 |
1 |
|
|a Ruszoly József
|e ths
|
| 856 |
4 |
0 |
|u https://doktori.bibl.u-szeged.hu/id/eprint/4870/1/2002_matuz_gyorgy.pdf
|z Dokumentum-elérés
|
| 856 |
4 |
0 |
|u https://doktori.bibl.u-szeged.hu/id/eprint/4870/2/2002_matuz_gyorgy_tezis_hun.pdf
|z Dokumentum-elérés
|
| 856 |
4 |
0 |
|u https://doktori.bibl.u-szeged.hu/id/eprint/4870/3/2002_matuz_gyorgy_birl.pdf
|z Dokumentum-elérés
|